[Event "DEM U18w 2025"]
[Site "Willingen GER"]
[Date "2025.06.08"]
[Round "2"]
[White "Loos, Tilda"]
[Black "Busch, Lara Sophie"]
[Result "1-0"]
[Termination "normal"]
[Board "12"]
[WhiteElo "1779"]
[BlackElo "1597"]
[WhiteClock "01:08:02"]
[BlackClock "00:39:45"]
[PlyCount "119"]
[WhiteFideId "34620559"]
[BlackFideId "34664866"]
[EventCountry "GER"]
[EventRounds "9"]
[EventType "swiss"]
[EventDate "2025.06.07"]

1. Nf3 {[%clk 01:30:59]} d5 {[%clk 01:30:21]} {[%emt 00:00:39]} 2. d4 {[%clk
01:31:01]} {[%emt 00:00:29]} Nf6 {[%clk 01:30:36]} {[%emt 00:00:15]} 3. b3
{[%clk 01:31:14]} {[%emt 00:00:16]} b6 {[%clk 01:30:46]} {[%emt 00:00:21]} 4.
Bb2 {[%clk 01:31:38]} {[%emt 00:00:06]} Bb7 {[%clk 01:31:07]} {[%emt 00:00:09]}
5. e3 {[%clk 01:31:59]} {[%emt 00:00:09]} e6 {[%clk 01:31:18]} {[%emt
00:00:18]} 6. Bd3 {[%clk 01:32:23]} {[%emt 00:00:06]} Bd6 {[%clk 01:31:08]}
{[%emt 00:00:41]} 7. O-O {[%clk 01:32:44]} {[%emt 00:00:09]} O-O {[%clk
01:31:07]} {[%emt 00:00:30]} 8. c4 {[%clk 01:33:09]} {[%emt 00:00:05]} c5
{[%clk 01:29:26]} {[%emt 00:02:11]} 9. Nbd2 {[%clk 01:33:33]} {[%emt 00:00:06]}
Na6 {[%clk 01:28:05]} {[%emt 00:01:52]} 10. Rc1 {[%clk 01:33:22]} {[%emt
00:00:41]} Nb4 {[%clk 01:25:31]} {[%emt 00:03:04]} 11. Bb1 {[%clk 01:33:42]}
{[%emt 00:00:10]} a5 {[%clk 01:21:27]} {[%emt 00:04:33]} 12. a3 {[%clk
01:28:19]} {[%emt 00:05:53]} Nc6 {[%clk 01:19:44]} {[%emt 00:02:14]} 13. Ne5
{[%clk 01:23:46]} {[%emt 00:05:04]} Rc8 {[%clk 01:08:35]} {[%emt 00:11:37]} 14.
Ndf3 {[%clk 01:20:49]} {[%emt 00:03:28]} Qe7 {[%clk 01:08:13]} {[%emt
00:00:51]} 15. cxd5 {[%clk 01:16:05]} {[%emt 00:05:14]} Nxd5 {[%clk 01:00:30]}
{[%emt 00:08:14]} 16. e4 {[%clk 01:09:28]} {[%emt 00:07:07]} Nc7 {[%clk
00:57:40]} {[%emt 00:03:20]} 17. Nxc6 {[%clk 01:08:49]} {[%emt 00:01:09]} Bxc6
{[%clk 00:57:29]} {[%emt 00:00:41]} 18. e5 {[%clk 01:09:04]} {[%emt 00:00:15]}
Rfd8 {[%clk 00:55:09]} {[%emt 00:02:49]} 19. exd6 {[%clk 01:09:16]} {[%emt
00:00:19]} Rxd6 {[%clk 00:55:14]} {[%emt 00:00:25]} 20. Qc2 {[%clk 01:07:30]}
{[%emt 00:02:16]} g6 {[%clk 00:54:06]} {[%emt 00:01:37]} 21. dxc5 {[%clk
01:07:43]} {[%emt 00:00:18]} bxc5 {[%clk 00:54:08]} {[%emt 00:00:29]} 22. Qxc5
{[%clk 01:06:07]} {[%emt 00:02:05]} f6 {[%clk 00:47:34]} {[%emt 00:07:04]} 23.
Bxf6 {[%clk 01:05:31]} {[%emt 00:01:06]} Qxf6 {[%clk 00:46:04]} {[%emt
00:02:00]} 24. Qxd6 {[%clk 01:05:52]} {[%emt 00:00:09]} Bxf3 {[%clk 00:45:47]}
{[%emt 00:00:45]} 25. gxf3 {[%clk 01:06:14]} {[%emt 00:00:09]} Qxf3 {[%clk
00:44:52]} {[%emt 00:01:25]} 26. Qg3 {[%clk 01:05:53]} {[%emt 00:00:51]} Qb7
{[%clk 00:44:30]} {[%emt 00:00:52]} 27. b4 {[%clk 01:05:48]} {[%emt 00:00:36]}
axb4 {[%clk 00:44:22]} {[%emt 00:00:38]} 28. axb4 {[%clk 01:06:12]} {[%emt
00:00:06]} Nd5 {[%clk 00:42:42]} {[%emt 00:02:09]} 29. Be4 {[%clk 01:04:43]}
{[%emt 00:01:59]} Rf8 {[%clk 00:40:46]} {[%emt 00:02:25]} 30. Bxd5 {[%clk
01:04:30]} {[%emt 00:00:43]} Qxd5 {[%clk 00:40:48]} {[%emt 00:00:29]} 31. Rfd1
{[%clk 01:04:31]} {[%emt 00:00:29]} Qh5 {[%clk 00:40:05]} {[%emt 00:01:14]} 32.
Rd7 {[%clk 01:01:18]} {[%emt 00:03:42]} Qf5 {[%clk 00:38:45]} {[%emt 00:01:50]}
33. Rcc7 {[%clk 01:00:05]} {[%emt 00:01:43]} Qb1+ {[%clk 00:38:38]} {[%emt
00:00:37]} 34. Kg2 {[%clk 01:00:28]} {[%emt 00:00:07]} Qe4+ {[%clk 00:38:22]}
{[%emt 00:00:46]} 35. f3 {[%clk 01:00:42]} {[%emt 00:00:16]} Qe2+ {[%clk
00:37:58]} {[%emt 00:00:55]} 36. Qf2 {[%clk 01:01:01]} {[%emt 00:00:10]} Qe5
{[%clk 00:37:00]} {[%emt 00:01:28]} 37. Rg7+ {[%clk 01:00:59]} {[%emt
00:00:32]} Qxg7 {[%clk 00:37:10]} {[%emt 00:00:21]} 38. Rxg7+ {[%clk 01:01:23]}
{[%emt 00:00:05]} Kxg7 {[%clk 00:37:19]} {[%emt 00:00:21]} 39. Qa7+ {[%clk
01:01:46]} {[%emt 00:00:07]} Rf7 {[%clk 00:37:24]} {[%emt 00:00:25]} 40. Qd4+
{[%clk 01:02:03]} {[%emt 00:00:13]} Kg8 {[%clk 00:36:54]} {[%emt 00:01:00]} 41.
b5 {[%clk 01:02:25]} {[%emt 00:00:07]} Rb7 {[%clk 00:36:35]} {[%emt 00:00:49]}
42. b6 {[%clk 01:02:50]} {[%emt 00:00:07]} Rxb6 {[%clk 00:36:39]} {[%emt
00:00:26]} 43. Qxb6 {[%clk 01:03:13]} {[%emt 00:00:07]} Kf7 {[%clk 00:36:54]}
{[%emt 00:00:15]} 44. Kg3 {[%clk 01:03:33]} {[%emt 00:00:09]} Kf6 {[%clk
00:36:48]} {[%emt 00:00:36]} 45. f4 {[%clk 01:03:52]} {[%emt 00:00:12]} h5
{[%clk 00:37:01]} {[%emt 00:00:17]} 46. Qd4+ {[%clk 01:04:15]} {[%emt
00:00:07]} Kf7 {[%clk 00:36:55]} {[%emt 00:00:37]} 47. Kh4 {[%clk 01:04:33]}
{[%emt 00:00:10]} Ke7 {[%clk 00:36:41]} {[%emt 00:00:44]} 48. Qg7+ {[%clk
01:04:51]} {[%emt 00:00:12]} Kd6 {[%clk 00:37:01]} {[%emt 00:00:11]} 49. Qxg6
{[%clk 01:05:06]} {[%emt 00:00:14]} Kd5 {[%clk 00:37:15]} {[%emt 00:00:16]} 50.
Qxh5+ {[%clk 01:05:23]} {[%emt 00:00:13]} Ke4 {[%clk 00:37:00]} {[%emt
00:00:46]} 51. Qe5+ {[%clk 01:05:42]} {[%emt 00:00:10]} Kf3 {[%clk 00:37:14]}
{[%emt 00:00:16]} 52. Qxe6 {[%clk 01:05:43]} {[%emt 00:00:29]} Kxf4 {[%clk
00:37:24]} {[%emt 00:00:20]} 53. Qg4+ {[%clk 01:05:57]} {[%emt 00:00:15]} Ke5
{[%clk 00:37:40]} {[%emt 00:00:15]} 54. Kg3 {[%clk 01:06:15]} {[%emt 00:00:12]}
Kd5 {[%clk 00:37:57]} {[%emt 00:00:13]} 55. h4 {[%clk 01:06:29]} {[%emt
00:00:16]} Ke5 {[%clk 00:38:20]} {[%emt 00:00:08]} 56. h5 {[%clk 01:06:47]}
{[%emt 00:00:11]} Kd5 {[%clk 00:38:41]} {[%emt 00:00:09]} 57. h6 {[%clk
01:06:58]} {[%emt 00:00:18]} Ke5 {[%clk 00:39:08]} {[%emt 00:00:06]} 58. h7
{[%clk 01:07:23]} {[%emt 00:00:04]} Kd5 {[%clk 00:39:31]} {[%emt 00:00:07]} 59.
h8=Q {[%clk 01:07:38]} {[%emt 00:00:14]} Kc5 {[%clk 00:39:45]} {[%emt
00:00:16]} 60. Qhh5+ {[%clk 01:08:02]} {[%emt 00:00:07]} 1-0

[Event "DEM U18w 2025"]
[Site "Willingen GER"]
[Date "2025.06.08"]
[Round "2"]
[White "Margaryan, Sofia"]
[Black "Schirmer, Sara"]
[Result "0-1"]
[Termination "normal"]
[Board "14"]
[WhiteElo "1564"]
[BlackElo "1630"]
[WhiteClock "00:00:46"]
[BlackClock "01:16:03"]
[PlyCount "113"]
[WhiteFideId "16268229"]
[BlackFideId "16297580"]
[EventCountry "GER"]
[EventRounds "9"]
[EventType "swiss"]
[EventDate "2025.06.07"]

1. d4 {[%clk 01:30:58]} {[%emt 00:00:03]} d5 {[%clk 01:30:55]} {[%emt
00:00:06]} 2. c4 {[%clk 01:31:25]} {[%emt 00:00:02]} e6 {[%clk 01:31:20]}
{[%emt 00:00:05]} 3. Nc3 {[%clk 01:31:50]} {[%emt 00:00:05]} Be7 {[%clk
01:31:36]} {[%emt 00:00:14]} 4. Nf3 {[%clk 01:31:16]} {[%emt 00:01:04]} Nf6
{[%clk 01:31:54]} {[%emt 00:00:12]} 5. Bg5 {[%clk 01:31:21]} {[%emt 00:00:25]}
O-O {[%clk 01:31:56]} {[%emt 00:00:28]} 6. e3 {[%clk 01:31:44]} {[%emt
00:00:07]} Nbd7 {[%clk 01:32:18]} {[%emt 00:00:09]} 7. cxd5 {[%clk 01:30:47]}
{[%emt 00:01:26]} exd5 {[%clk 01:32:37]} {[%emt 00:00:11]} 8. Bd3 {[%clk
01:31:08]} {[%emt 00:00:09]} c6 {[%clk 01:32:52]} {[%emt 00:00:15]} 9. O-O
{[%clk 01:31:27]} {[%emt 00:00:12]} h6 {[%clk 01:32:55]} {[%emt 00:00:27]} 10.
Bh4 {[%clk 01:31:47]} {[%emt 00:00:08]} Re8 {[%clk 01:31:35]} {[%emt 00:01:50]}
11. Qc2 {[%clk 01:28:34]} {[%emt 00:03:45]} Nh5 {[%clk 01:29:16]} {[%emt
00:02:49]} 12. Bxe7 {[%clk 01:27:46]} {[%emt 00:01:17]} Qxe7 {[%clk 01:29:26]}
{[%emt 00:00:20]} 13. a3 {[%clk 01:27:39]} {[%emt 00:00:37]} a5 {[%clk
01:29:23]} {[%emt 00:00:33]} 14. Rab1 {[%clk 01:24:38]} {[%emt 00:03:30]} b6
{[%clk 01:28:25]} {[%emt 00:01:29]} 15. b4 {[%clk 01:21:15]} {[%emt 00:03:52]}
axb4 {[%clk 01:26:56]} {[%emt 00:02:00]} 16. axb4 {[%clk 01:21:39]} {[%emt
00:00:06]} b5 {[%clk 01:27:12]} {[%emt 00:00:14]} 17. Rfc1 {[%clk 01:03:42]}
{[%emt 00:18:27]} Nb6 {[%clk 01:26:03]} {[%emt 00:01:39]} 18. Ne5 {[%clk
00:58:23]} {[%emt 00:05:48]} Bd7 {[%clk 01:25:28]} {[%emt 00:01:05]} 19. Nxf7
{[%clk 00:42:50]} {[%emt 00:16:03]} Qxf7 {[%clk 01:24:05]} {[%emt 00:01:53]}
20. Bg6 {[%clk 00:43:14]} {[%emt 00:00:06]} Qf8 {[%clk 01:24:07]} {[%emt
00:00:29]} 21. Bxh5 {[%clk 00:39:41]} {[%emt 00:04:03]} Bf5 {[%clk 01:23:17]}
{[%emt 00:01:18]} 22. Qb3 {[%clk 00:28:12]} {[%emt 00:12:01]} g6 {[%clk
01:22:30]} {[%emt 00:01:17]} 23. e4 {[%clk 00:26:41]} {[%emt 00:02:01]} gxh5
{[%clk 01:17:50]} {[%emt 00:05:10]} 24. exf5 {[%clk 00:26:30]} {[%emt
00:00:41]} Qxf5 {[%clk 01:18:06]} {[%emt 00:00:13]} 25. Ra1 {[%clk 00:19:40]}
{[%emt 00:07:21]} Nc4 {[%clk 01:17:07]} {[%emt 00:01:28]} 26. Qb1 {[%clk
00:07:22]} {[%emt 00:12:49]} Qg4 {[%clk 01:15:23]} {[%emt 00:02:12]} 27. Qd3
{[%clk 00:06:47]} {[%emt 00:01:06]} Kh8 {[%clk 01:14:26]} {[%emt 00:01:27]} 28.
h3 {[%clk 00:04:33]} {[%emt 00:02:44]} Qg5 {[%clk 01:14:23]} {[%emt 00:00:31]}
29. Qg3 {[%clk 00:02:30]} {[%emt 00:02:36]} Qxg3 30. fxg3 {[%clk 00:02:54]}
Rxa1 {[%clk 01:11:39]} {[%emt 00:03:03]} 31. Rxa1 {[%clk 00:03:12]} {[%emt
00:00:12]} Re3 {[%clk 01:12:02]} {[%emt 00:00:06]} 32. Rc1 {[%clk 00:01:02]}
{[%emt 00:02:42]} Rxg3 {[%clk 01:11:48]} {[%emt 00:00:43]} 33. Kf2 {[%clk
00:01:00]} {[%emt 00:00:32]} Rd3 {[%clk 01:11:52]} {[%emt 00:00:25]} 34. Ne2
{[%clk 00:00:50]} {[%emt 00:00:41]} Rb3 {[%clk 01:10:39]} {[%emt 00:01:43]} 35.
Ra1 {[%clk 00:00:49]} {[%emt 00:00:32]} Ra3 {[%clk 01:10:30]} {[%emt 00:00:39]}
36. Rb1 {[%clk 00:01:02]} {[%emt 00:00:16]} h4 {[%clk 01:09:26]} {[%emt
00:01:34]} 37. Nf4 {[%clk 00:00:36]} {[%emt 00:00:56]} Ra2+ {[%clk 01:09:01]}
{[%emt 00:00:53]} 38. Kg1 {[%clk 00:00:33]} {[%emt 00:00:34]} Rd2 {[%clk
01:01:13]} {[%emt 00:08:18]} 39. Ng6+ {[%clk 00:00:39]} {[%emt 00:00:25]} Kh7
{[%clk 01:00:28]} {[%emt 00:01:16]} 40. Ne7 {[%clk 00:00:40]} {[%emt 00:00:29]}
Rxd4 {[%clk 01:00:25]} {[%emt 00:00:32]} 41. Nxc6 {[%clk 00:01:03]} {[%emt
00:00:08]} Rd2 {[%clk 01:00:06]} {[%emt 00:00:45]} 42. Ne7 {[%clk 00:00:31]}
{[%emt 00:01:05]} Ne3 {[%clk 00:55:54]} {[%emt 00:04:41]} 43. Rb3 {[%clk
00:27:08]} {[%emt 00:03:55]} d4 {[%clk 01:26:00]} {[%emt 00:00:24]} 44. Nc6
{[%clk 00:26:58]} {[%emt 00:00:39]} d3 {[%clk 01:24:12]} {[%emt 00:02:18]} 45.
Ne5 {[%clk 00:21:21]} {[%emt 00:06:07]} Rxg2+ {[%clk 01:23:27]} {[%emt
00:01:15]} 46. Kh1 {[%clk 00:21:35]} {[%emt 00:00:17]} Rg3 {[%clk 01:18:27]}
{[%emt 00:05:30]} 47. Rxd3 {[%clk 00:17:38]} {[%emt 00:04:26]} Rxh3+ {[%clk
01:18:43]} {[%emt 00:00:14]} 48. Kg1 {[%clk 00:17:54]} {[%emt 00:00:14]} Rg3+
{[%clk 01:18:45]} {[%emt 00:00:28]} 49. Kf2 {[%clk 00:16:27]} {[%emt 00:01:58]}
Nf5 {[%clk 01:18:43]} {[%emt 00:00:29]} 50. Rd7+ {[%clk 00:16:01]} {[%emt
00:00:58]} Rg7 {[%clk 01:18:28]} {[%emt 00:00:45]} 51. Rd5 {[%clk 00:10:11]}
{[%emt 00:06:20]} h3 {[%clk 01:16:26]} {[%emt 00:02:33]} 52. Ng4 {[%clk
00:05:38]} {[%emt 00:05:02]} Rxg4 {[%clk 01:16:25]} {[%emt 00:00:31]} 53. Rxf5
{[%clk 00:06:04]} {[%emt 00:00:06]} Rxb4 {[%clk 01:16:47]} {[%emt 00:00:07]}
54. Rh5 {[%clk 00:01:41]} {[%emt 00:04:52]} Rb3 {[%clk 01:17:02]} {[%emt
00:00:14]} 55. Rc5 {[%clk 00:00:43]} {[%emt 00:01:29]} Kg6 {[%clk 01:15:56]}
{[%emt 00:01:35]} 56. Rc2 {[%clk 00:00:36]} {[%emt 00:00:38]} h5 {[%clk
01:16:03]} {[%emt 00:00:23]} 57. Kg1 {[%clk 00:00:46]} {[%emt 00:00:20]} 0-1